| 000 -LEADER |
| fixed length control field |
01028nam a22001937a 4500 |
| 005 - DATE AND TIME OF LATEST TRANSACTION |
| control field |
20260127144251.0 |
| 008 - FIXED-LENGTH DATA ELEMENTS--GENERAL INFORMATION |
| fixed length control field |
230714b ||||| |||| 00| 0 eng d |
| 040 ## - CATALOGING SOURCE |
| Transcribing agency |
SSBUL |
| Modifying agency |
SSBUL |
| 082 ## - DEWEY DECIMAL CLASSIFICATION NUMBER |
| Edition number |
23 |
| Classification number |
၆၁၅.၉၄၂ စံ ၁၆၀၄၄ (S-SAT) |
| 100 ## - MAIN ENTRY--PERSONAL NAME |
| Personal name |
စံထွန်းအောင်။ |
| 9 (RLIN) |
28020 |
| 245 10 - TITLE STATEMENT |
| Title |
လက်တွေ့မြွေဆိပ်ဖြေဆေး / |
| Statement of responsibility, etc. |
စံထွန်းအောင်။ |
| 260 ## - PUBLICATION, DISTRIBUTION, ETC. |
| Place of publication, distribution, etc. |
ရန်ကုန်၊ |
| Name of publisher, distributor, etc. |
စာပေဗိမာန်၊ |
| Date of publication, distribution, etc. |
၁၉၆၅။ |
| 300 ## - PHYSICAL DESCRIPTION |
| Extent |
၆၃ စာမျက်နှာ၊ |
| Other physical details |
ဓာတ်ပုံများ၊ |
| Dimensions |
၁၉ စင်တီ။ |
| 440 ## - SERIES STATEMENT/ADDED ENTRY--TITLE |
| Title |
စာပေဗိမာန်ထုတ် ပြည်သူ့လက်စွဲစာစဉ်။ |
| 9 (RLIN) |
27865 |
| 500 ## - GENERAL NOTE |
| General note |
S-SAT: Dr. Prof Sai Aung Tun |
| 650 ## - SUBJECT ADDED ENTRY--TOPICAL TERM |
| Topical term or geographic name entry element |
မြွေဆိပ်။ |
| 9 (RLIN) |
28021 |
|
| Topical term or geographic name entry element |
မြွေဆိပ်ဖြေဆေး။ |
| General subdivision |
အဆိပ်နှင့် အဆိပ်သင့်ခြင်း။ |
| 9 (RLIN) |
28022 |
| 942 ## - ADDED ENTRY ELEMENTS (KOHA) |
| Source of classification or shelving scheme |
|
| Koha item type |
Book (Short term) |